logo

Bir Sreshtho Munshi Abdur Rouf Library
Jhenaidah Cadet College

Power and progress : (Record no. 13643)

MARC details
000 -LEADER
fixed length control field 01229cam a2200313 i 4500
001 - CONTROL NUMBER
JCCL Control Number 13643
003 - CONTROL NUMBER IDENTIFIER
JCCL marc code BD-JhCC
005 - DATE AND TIME OF LATEST TRANSACTION
control field 20240313114151.0
008 - FIXED-LENGTH DATA ELEMENTS--GENERAL INFORMATION
fixed length control field 221209s2023 nyua b 001 0 eng
020 ## - INTERNATIONAL STANDARD BOOK NUMBER
International Standard Book Number 9781541702530
020 ## - INTERNATIONAL STANDARD BOOK NUMBER
Cancelled/invalid ISBN 9781541702554
035 ## - SYSTEM CONTROL NUMBER
system control number (BD-JhCC)13643
040 ## - CATALOGING SOURCE
Original cataloging agency DLC
Description conventions rda
Transcribing agency DLC
Modifying agency DLC
041 ## - LANGUAGE CODE
Language code of Book english
050 00 - LIBRARY OF CONGRESS CALL NUMBER
Classification number T14.5
Item number .A29 2023
082 00 - DEWEY DECIMAL CLASSIFICATION NUMBER
Classification number 303.483
DDC Edition number 23/eng/20230111
Author mark and Year ACE 2023
100 1# - MAIN ENTRY--PERSONAL NAME
Personal name Acemoglu, Daron,
245 10 - TITLE STATEMENT
Title Power and progress :
Remainder of title our thousand-year struggle over technology and prosperity /
Statement of responsibility, etc Daron Acemoglu and Simon Johnson.
250 ## - EDITION STATEMENT
Edition statement First edition.
260 ## - PUBLICATION, DISTRIBUTION, ETC. (IMPRINT)
Place of publication, distribution, etc New York:
Name of publisher, distributor, etc Public Affairs;
Date of publication, distribution, etc 2023.
300 ## - PHYSICAL DESCRIPTION
Pagination 688 P. :
Other physical details illustrations ;
Dimensions 25 cm
504 ## - BIBLIOGRAPHY, ETC. NOTE
Bibliography, etc Includes bibliographical references (pages 475-516) and index.
520 ## - SUMMARY, ETC.
Summary, etc "Two bestselling authors overturn conventional wisdom about how economies work, revealing the untold story of who wins and who loses the rewards of prosperity, in a work that fundamentally transforms how we look at and understand the world"--
650 #0 - SUBJECT ADDED ENTRY--TOPICAL TERM
Topical term or geographic name as entry element Technology
General subdivision Social aspects.
650 #0 - SUBJECT ADDED ENTRY--TOPICAL TERM
Topical term or geographic name as entry element Technology
General subdivision Economic aspects.
650 #0 - SUBJECT ADDED ENTRY--TOPICAL TERM
Topical term or geographic name as entry element Progress.
700 1# - ADDED ENTRY--PERSONAL NAME
Personal name Johnson, Simon,
942 ## - ADDED ENTRY ELEMENTS (KOHA)
Source of classification or shelving scheme Dewey Decimal Classification
Koha item type Books
Holdings
Source of classification or shelving scheme Damaged status Not for loan Home library Current library Shelving location Date of accession Cost, normal purchase price Total Checkouts Full call number Barcode Date last seen Date checked out Copy number Method of acquisition Koha item type Currency
Dewey Decimal Classification     JCC Rouf Library JCC Rouf Library General Stacks   620.00 3 303.483 ACE 2023 19096 05/26/2025 04/29/2025 C-1 Purchase Books BDT

JCC Library | Contacts | JCC Home

Last Update on 23 September 2017
Copyright @ 2017-2020 JCC Rouf Library
Rouf Library, Jhenidah Cadet College (JCC), Bangladesh